<?xml version="1.0" encoding="UTF-8"?>
<collection xmlns="http://www.loc.gov/MARC21/slim">
 <record>
  <leader>01441pamaa2200217   4500</leader>
  <controlfield tag="001">0000047164</controlfield>
  <controlfield tag="005">20140506090000.0</controlfield>
  <controlfield tag="008">100607                             eng  </controlfield>
  <datafield tag="020" ind1="0" ind2="0">
   <subfield code="a">9780123724991 (pbk.) </subfield>
  </datafield>
  <datafield tag="090" ind1="0" ind2="0">
   <subfield code="a">HD38.7 </subfield>
   <subfield code="b">WIL 2007</subfield>
  </datafield>
  <datafield tag="100" ind1="1" ind2="0">
   <subfield code="a">Williams </subfield>
  </datafield>
  <datafield tag="245" ind1="1" ind2="4">
   <subfield code="a">The profit impact of business intelligence  </subfield>
   <subfield code="c">Steve Williams, Nancy Williams.</subfield>
  </datafield>
  <datafield tag="260" ind1="0" ind2="0">
   <subfield code="a">Amsterdam ; Boston: </subfield>
   <subfield code="b">Elsevier/Morgan Kaufmann, </subfield>
   <subfield code="c">2007.</subfield>
  </datafield>
  <datafield tag="300" ind1=" " ind2=" ">
   <subfield code="a">xviii, 218 p.: </subfield>
   <subfield code="b">ill.; </subfield>
   <subfield code="c">24 cm.</subfield>
  </datafield>
  <datafield tag="501" ind1="0" ind2="0">
   <subfield code="a">FOCIT</subfield>
  </datafield>
  <datafield tag="504" ind1="0" ind2="0">
   <subfield code="a">Includes bibliographical references (p. 206-207) and index</subfield>
  </datafield>
  <datafield tag="505" ind1="0" ind2="0">
   <subfield code="a">The business value of business intelligence -- Identifying and prioritizing business intelligence-driven opportunities for your organization -- Business intelligence readiness : prerequisites for leveraging business intelligence to improve profits -- Business-centric business intelligence development with the BI pathway method -- Leading and managing a business intelligence-driven profit improvement program -- Business intelligence in the broader information technology context -- Important ways business intelligence can drive profit improvement -- Common mistakes companies make on business intelligence initiatives -- A view over the horizon -- Appendix A : A business intelligence glossary -- Appendix B : A business intelligence readiness assessment</subfield>
  </datafield>
  <datafield tag="650" ind1="0" ind2="0">
   <subfield code="a">Business intelligence </subfield>
  </datafield>
  <datafield tag="650" ind1="0" ind2="0">
   <subfield code="a">Profit </subfield>
  </datafield>
  <datafield tag="700" ind1="1" ind2="1">
   <subfield code="a">Williams, </subfield>
   <subfield code="h">Nancy </subfield>
  </datafield>
  <datafield tag="901" ind1=" " ind2=" ">
   <subfield code="u">www.mkp.com</subfield>
  </datafield>
 </record>
</collection>
